000 00309nam a22001337a 4500
008 180209b xxu||||| |||| 00| 0 eng d
020 _a9780078216855
041 _aeng
080 _a51
100 _a30
101 _aMAT
245 _aMATHEMATICS APLICATIONS AND CONECTIONS
_cMCGRAW.H
942 _2udc
_cBK
999 _c42230
_d42230